| 000 | 00985nas a2200289 4500 | ||
|---|---|---|---|
| 001 | BR8602051 | ||
| 003 | BR-BrBNA | ||
| 005 | 20231205090434.0 | ||
| 007 | ta | ||
| 008 | 230509b bl.|||p| |||| 00| 00por d | ||
| 040 |
_aBR-BrBNA _bpor _cBiblioteca Nacional de Agricultura |
||
| 041 | _a(Pt) | ||
| 072 | _aH20 | ||
| 100 | 1 | _aSilva, H.P. | |
| 100 | 1 | _aPereira, O.A.P. | |
| 100 | 1 | _aMiranda Filho, J.B. | |
| 100 | 1 | _aBalmer, E. | |
| 245 | 1 | _aAnalise genetica da resistencia da nervura central da folha do milho ao Colletotrichum graminicola (Ces.)wils. [antracnose, Zea mays] | |
| 246 | 1 | _aGenetic analysis of resistance of corn leaf central veins to Colletotrichum graminicola (Ces.)wils | |
| 650 | _aMILHO | ||
| 650 | _aANTRACNOSE | ||
| 650 | _aFOLHA | ||
| 650 | _aVARIEDADE RESISTENTE | ||
| 773 | 0 |
_tSumma Phytopathologica (Brazil) _xISSN 0100-5405 _g(Jan-Jun 1986), v. 12(1-2) p. 80-91 _wBR8602051 |
|
| 909 |
_a202311 _bLúcia _c55 _dLúcia Elande |
||
| 942 |
_2AGRIS _n0 _cANA |
||
| 999 |
_c118423 _d118423 |
||